| 000 | 00672nam a2200217Ia 4500 | ||
|---|---|---|---|
| 003 | OSt | ||
| 005 | 20240419163100.0 | ||
| 008 | 210210b2003 xxu||||| |||| 00| 0 eng d | ||
| 020 | _a81 88478 10 5 | ||
| 040 | _cAL | ||
| 041 | _aKannada | ||
| 082 | _aK894.9 KIRA | ||
| 100 |
_aKIRTINATHA KURTAKOTI. _dಕೀರ್ತಿನಾಥ ಕುರ್ತಕೋಟಿ _9161615 |
||
| 245 |
_aAdhyayana mattu parayana. _bಅಧ್ಯಯನ ಮತ್ತು ಪಾರಾಯಣ |
||
| 260 |
_aDharavada _bManohara Grantha Mala _c2003 |
||
| 300 | _ax,126 | ||
| 650 |
_aKumaravyasa jnaneshvara _9161616 |
||
| 690 |
_aKannada Criticism _9161617 |
||
| 906 | _aSG04103 | ||
| 942 |
_2ddc _cBK |
||
| 999 |
_c114670 _d114670 |
||